Albums par cover - musiques francophones - Statistiques

Statistiques générales
  • Ce quiz a été pris 130 fois
  • Le résultat moyen est 3 sur 20
Statistiques - réponses
Par images Réponse % Correct
Brol
77%
Racine carrée
68%
Mistral Gagnant
42%
Mesdames
32%
Paradize
17%
Stupeflip
15%
Je dis aime
11%
Bretonne
9%
Histoire de Mélody Nelson
9%
Ainsi soit-je
6%
Ces gens-là
5%
Gang
5%
Fantaisie militaire
4%
La Zizanie
4%
Corps et armes
3%
Derrière l'amour
3%
Amoureuse
1%
La Mamma
1%
Métronomie
1%
Polnareff's
1%
Aucun quiz correspondant
Distribution des résultats
% des personnes avec chaque résultat
Percentile par nombre de réponses
Votre historique - résultats
Vous n’avez pas pris ce quiz